| 000 | 00814nam a2200241 i 4500 | ||
|---|---|---|---|
| 001 | bg | ||
| 100 | 1 | _aNOWICKA, Ewa | |
| 245 | 1 | 0 |
_aŚwiat człowieka - świat kultury : _bsystematyczny wykład problemów antropologii kulturowej / _cEwa Nowicka. |
| 250 | _aWyd. 5. | ||
| 260 |
_aWarszawa : _bWydaw. Naukowe PWN, _c2000. |
||
| 300 |
_a527, [1] s. : _b1 il. ; _c21 cm. |
||
| 504 | _aBibliogr. - Indeksy. | ||
| 650 | 9 | _aAntropologia społeczna | |
| 655 | _aPodręczniki akademickie | ||
| 020 | _a8301105410 | ||
| 040 | _cBPK | ||
| 041 | 0 | _apl | |
| 080 | _a316.7(075.8) | ||
| 920 | _a83-01-10541-0 | ||
| 942 | _cKS | ||
| 008 | s pl f |000 0 pol | ||
| 999 |
_c41922 _d41922 |
||
| 856 |
_uhttp://koha.tu.koszalin.pl/cgi-bin/koha/opac-detail.pl?biblionumber=41922 _yKatalog online BPK |
||